| 000 | 00378nam a22001577a 4500 | ||
|---|---|---|---|
| 001 | T027600013564 | ||
| 008 | 181111b xve|||||r|||| 00| | esp d | ||
| 099 |
_aM-0121 _b |
||
| 100 | _aMinisterio de Planificación y desarrollo Social | ||
| 245 | _as/t | ||
| 260 | _a2002 | ||
| 300 | _a1 mapa; 1:30x91cm. | ||
| 500 | _aImpreso | ||
| 650 | _aEscuela--proyecto | ||
| 942 | _cLIB | ||
| 999 |
_c12410 _d12410 |
||